00536nam a22001817a 4500003000900000005001700009007000300026008003800029020001800067040002500085082000700110100002300117245006600140246005500206260004300261300002000304504003000324DO-SdBNP20230418153838.0ta100322s2020 dr 000 0 spa d a9789945094008 aDO-SdBNPbspacBNPHU 42221 aLópez, Frank D. 10a200 ideas para vender más en tu negocio /cFrank D. López aDoscientas ideas para vender más en tu negocio / aSanto Domingo :bFrank López,c2020. a64 p. :c22 cm. aBibliografía : p. 63-64